000 00471nam a22001937a 4500
003 MPLRDC
005 20220104144024.0
008 210129b ||||| |||| 00| 0 eng d
020 _a983-164-122-1
082 _a857.7 YQXS v.3356
100 _a蔡小雀著
245 _a春色无垠
_c
250 _a初版
260 _a
_b立腾出版社有限公司
_c2001
300 _b
490 _a言情小说, BNAC Z3356
650 _a
942 _cBK
_o857.7 YQXS v.3356
999 _c45632
_d45622